An Introduction to Support Vector Machines and Other Kernel-Based Learning Methods /

Збережено в:
Бібліографічні деталі
Автор: Cristianini, Nello (autor)
Інші автори: Shawe-Taylor, John (autor) (autor)
Формат: Книга
Мова:Англійська
Опубліковано: Cambridge, Inglaterra : Cambridge University, 2012, c2000
Предмети:
Онлайн доступ:Ver documento en línea
Теги: Додати тег
Немає тегів, Будьте першим, хто поставить тег для цього запису!

MARC

LEADER 00000nam^a2200000^a^4500
001 000399911
005 20251023000000.0
009 20260310121604.068
020 |a 978-1-139-64908-7 
037 |a Acervo ITESO - Biblioteca 
041 |a ING 
082 |a 006. 31  |b CRI 
100 |a Cristianini, Nello  |e (autor) 
245 1 3 |a An Introduction to Support Vector Machines and Other Kernel-Based Learning Methods /  |c N. Cristianini, J. Shawe-Taylor. 
264 4 |a Cambridge, Inglaterra :  |b Cambridge University,  |c 2012, c2000 
264 2 |a Birmingham, EUA :  |b EBSCOhost [distribución],  |c 2000 
300 |a 1 libro electrónico en línea (XIII, 189 p.) 
300 |a 1 recurso en línea 
336 |a datos para computadora  |b cod  |2 rdacontenido 
337 |a computadora  |b c  |2 rdamedio 
338 |a recurso en línea  |b cr  |2 rdasoporte 
506 1 |a 3 licencias 
521 |a Peticiones 2018 
530 |a Existe una edición en formato impreso con el mismo título 
649 |a XX 
650 |a Funciones Kernel -  |x Tema Principal 
650 |a Algoritmos 
650 |a Aprendizaje Automático (Inteligencia Artificial) -  |x Tema Principal 
650 |a Inteligencia Artificial 
650 |a Ingeniería Computacional 
700 |a Shawe-Taylor, John  |e (autor) 
856 4 0 |u https://ezproxy.iteso.mx/login?url=https://search.ebscohost.com/login.aspx?direct=true&scope=site&db=nlebk&db=nlabk&AN=510940  |y Ver documento en línea 
910 |a Fondo General 
920 |a Electrónicos - Libros en Línea 
930 |a Plataforma Digital 
905 |a 205 
901 |a 399911-1  |b IT2  |c EBO  |i C1351  |u 20250521 
901 |a 399911-2  |b IT2  |c EBO  |i C1351  |u 20250521 
901 |a 399911-3  |b IT2  |c EBO  |i C1351  |u 20250521 
902 |a https://opac.biblio.iteso.mx/vufind/Record/000399911